|
|
|
|
| LEADER |
00000nab a2200000 a 4500 |
| 001 |
vtls010255307 |
| 003 |
SK-MaSNL |
| 005 |
20260304154744.0 |
| 008 |
25050714c2007 xo o e slon |
| 035 |
|
|
|a SVKKK000085598
|
| 035 |
|
|
|a urn:nbn:sk:snk-abd60n
|
| 035 |
|
|
|a (urnnbn)urn:nbn:sk:snk:ar-004rii
|
| 035 |
|
|
|a (uuid)b667abd3-f5be-4aee-9688-26ed4a1fde3f
|
| 038 |
|
|
|a SVKKK
|
| 040 |
|
|
|a SNKBUCL
|b slo
|c SNKBUCL
|e AACR2
|
| 041 |
0 |
|
|a eng
|b cze
|b eng
|
| 044 |
|
|
|a xo
|c SK
|
| 080 |
|
|
|a 620.192.45
|2 1997
|
| 080 |
|
|
|a 669.15-194.57
|2 1997
|
| 100 |
1 |
|
|a Lejček, P.
|4 aut
|9 801221
|
| 245 |
1 |
0 |
|a Nanosegregation phenomena at grain boundaries of metallic materials
|c P. Lejček, J. Janovec, R. Konečná
|
| 300 |
|
|
|b Obr., tab.
|
| 504 |
|
|
|a Bibliogr. odkazy
|
| 504 |
|
|
|a Res. angl., čes.
|
| 650 |
0 |
7 |
|a materiály polykryštalické
|x segregácia
|x hranice zŕn
|x termodynamika
|2 snkbucl
|9 1479760
|
| 650 |
0 |
7 |
|a ocele feritické
|2 snkbucl
|9 954063
|
| 700 |
1 |
|
|a Janovec, Jozef,
|d 1956-
|4 aut
|9 102235
|
| 700 |
1 |
|
|a Konečná, Radomila,
|d 1953-
|4 aut
|9 224241
|
| 773 |
0 |
|
|t Acta metallurgica slovaca
|g Roč. 13, č. 1 (2007), s. 117-130
|x 1335-1532
|
| 850 |
|
|
|a Slovenská národná knižnica
|
| 852 |
|
|
|a Slovenská národná knižnica
|
| 958 |
|
|
|a article17
|
| 958 |
|
|
|a NB
|
| 958 |
|
|
|a OND
|
| 958 |
|
|
|a EUIPO
|
| 999 |
|
|
|c 2959113
|d 2961043
|